000 00588nam a2200157 i 4500
001 115598
003 ES-MaACL
005 20230906190516.0
007 t|
008 070416s1915 xxk ||||1| eng d
245 0 4 _aThe tale of the armament of Igor. A.D. 1185
_b: A Russian historical epic /
_cEdited and translated by Leonard A. Magnus. With revised Russian text, translation, notes, introduction and glossary.
260 _aLondon :
_bOxford University Press,
_c1915.
300 _a122 p. :
_bil. ;
_c25 cm.
700 1 _aMagnus, Leonard Arthur.
_975502
852 _aES-MaACL
_jC-1460
999 _c115598
_d115598